Countries Bordering Zambia - Statistics

General Stats
  • This quiz has been taken 5,278 times
    4,763 since last reset
  • The average score is 7 of 8
Answer Stats
Length (km) Answer % Correct
797 Zimbabwe
97%
1,930 DR of the Congo
95%
419 Mozambique
94%
0 Botswana
92%
338 Tanzania
91%
1,111 Angola
90%
837 Malawi
90%
233 Namibia
89%
No matching quizzes found
Score Distribution
Percent of People with Each Score
Percentile by Number Answered
Your Score History
You have not taken this quiz since the last reset